MDQL
is popping MORE tags! Check the
thread
!
Quizzes
Events
Quiz Creation
Community
Videos
Private Events
Remove Ads
Sign In
Join for FREE
Feedback
Dark Mode
Quiz Categories
Sports
Geography
Music
Movies
Television
Just For Fun
Miscellaneous
History
Literature
Language
Science
Gaming
Entertainment
Religion
Holiday
For Kids
Quiz Lab
Recent
Popular Today
Quiz Kudos Today
Editor Picks
Curator Picks
Quizzes by...
Day
Popularity
Type
Ratings
Length
Year
Community
Subscriptions
Recent Discussions
Orange Saloon
Badges
Playlists
Quests
Create
Leaderboards
Showdown
Live 5
Trivia Bingo
Activity
Puzzle Library
Sporcle Events
Private Events
Virtual Trivia
Globe League
Become a Host
Pub Owners
SporcleCon
Opinionation
Our Games
Videos
Blog
Mobile Apps
Partnerships
Remove Ads and Go Orange
Feedback
Entertainment
Celebrity
Famous
Musical
Broadway
Show
Quote
Comic Books
Anime
Superhero
DC Comics
Marvel
Cartoons
Animation
Entertainment
Celebrity
Famous
Musical
Broadway
Show
Quote
Comic Books
Anime
Superhero
DC Comics
Marvel
Cartoons
Animation
Random Quiz
Search Sporcle
×
Quiz Lab
Quiz Lab
Entertainment
Show
Type in answers that appear in a list
Type in answers that appear in a list
Classic
Best Score? Go Orange.
Howard Stern 101 Shows Cast Stats
Can you name the members of various H101 shows?
By
DjMikeWatt
7m
50 Questions
32 Plays
32 Plays
32 Plays
Comments
Comments
Give Quiz Kudos
Give Quiz Kudos
-
- Ratings
hide this ad
Replay
Link that replays current quiz
Next Quiz
Link to next quiz in quiz playlist
You Got
0%
They Got
Avg Score
31%
Avg Friend Score
Upgrade to see
Score Distribution
Jump to the score distribution portion of the page
Score
0/50
Timer
07:00
0
Plays Today
Show
Member
% Correct
Bubba the Love Sponge
Bubba the Love Sponge
93.8%
Jay Thomas Show
Jay Thomas
81.3%
Riley Martin Show
Riley Martin
78.1%
Wrap-
Up Show
Gary Dell'Abate
75%
Greg Fitzsimmons Show
Greg Fitzsimmons
71.9%
Intern Show
Steve Brandano
68.8%
Jackie's Joke Hunt
Jackie Martling
68.8%
Bubba the Love Sponge
Brent Hatley
65.6%
Scott Ferrall Show
Scott Ferrall
62.5%
Superfan Roundtable
Mutt
62.5%
Wrap-
Up Show
Jon Hein
62.5%
Chuck Zito's View
Chuck Zito
56.3%
Bubba the Love Sponge
Spiceboy
53.1%
Bubba the Love Sponge
25 Cent
50%
Jay Thomas Show
Shuli Egar
50%
Miserable Men
Shuli Egar
50%
Miserable Men
Teddy Knuetter
50%
Wrap-
Up Show
Teddy Knuetter
50%
Bubba the Love Sponge
Ned
46.9%
Bubba the Love Sponge
Manson
43.8%
Superfan Roundtable
Jason Kaplan
43.8%
Riley Martin Show
Eric 'Eron' McCauley
34.4%
Intern Show
Jim McClure
31.3%
Greg Fitzsimmons Show
Jim McClure
31.3%
Riley Martin Show
Jim McClure
31.3%
Show
Member
% Correct
Jackie's Joke Hunt
Jim McClure
31.3%
Jay Thomas Show
Ira the Weather Man
15.6%
Jay Thomas Show
Madison
15.6%
Scott Ferrall Show
Lou Pellegrino
15.6%
Scott Ferrall Show
Brian Ciano
12.5%
Greg Fitzsimmons Show
Mike Cioffi
12.5%
Greg Fitzsimmons Show
Mike Farese
12.5%
Wrap-
Up Show
Steve Brandano
9.4%
Jackie's Joke Hunt
Ian Karr
6.3%
Jackie's Joke Hunt
Michael 'Snark' Farese
6.3%
Miserable Men
Mike Morse
6.3%
6.3%
Jay Thomas Show
Cristina Palumbo
3.1%
Chuck Zito's View
Frankie DuBuono
3.1%
Miserable Men
Mark Byrnes
3.1%
Jay Thomas Show
Kevin Kraft
0%
Jay Thomas Show
Garrett Andritz
0%
Intern Show
Skippy
0%
Superfan Roundtable
Skippy
0%
Greg Fitzsimmons Show
Mike Gibbons
0%
Greg Fitzsimmons Show
Matt Nicosia
0%
Riley Martin Show
Mikey 'Corleone' Farese
0%
Riley Martin Show
Matt 'Little Nicky Scarfoe' Nicosia
0%
Jackie's Joke Hunt
Mike Hunt
0%
Miserable Men
Matt Nicosia
0%
Quiz Playlist
Details
Report
Send in Message
Add To Playlist
Classic:
Type in answers that appear in a list
Last Updated: Feb 16, 2017
Quiz Scoreboard
CHALLENGE
Sign Up to Join the Scoreboard
Show All
Scores
Hide
Comments
May contain spoilers
Recently Published
1-10 Letter E Words III
by El_Dandy
Language
2m
Street Fighter Characters
by Artimus82
Gaming
60s
College Basketball Coaching Resumes
by pancakes188
Sports
9m
More to Explore
Quiz From the Vault
Featured Blog Post
Where Did the Easter Bunny Come From?
hide this ad
You Might Also Like...
Tags
Cast Quiz
Show Quiz
101
Howard
Stern
Today's Top Quizzes in Entertainment
Browse Entertainment
hide this ad
Today's Top Quizzes in Show
Browse Show
Top Contributed Quizzes in Entertainment
1
7-to-1: DC Comics Villains
2
Marvel Characters Bunker
3
Dragon Ball Z: Goku's Fights in Order
4
Eurovision 2023 Logic Puzzle
5
Sorting Pictures: Villains
6
Criteria Quickie: Cartoon Taxonomy II
7
7-to-1: One Piece
8
One Piece Characters Order of Appearance
9
Mini Trivia Sudoku: Musicals
10
Kamen Rider Motifs
Explore More
Trending Topics
Disney
Harry Potter
Anime
NBA
Kpop
Marvel
Crossword
Country
Pokémon
Soccer
The Office
Puzzle
NFL
Song
WWE
hide this ad
More By:
DjMikeWatt
Quiz
Plays
Rating
Category
Featured
Created
Howard Stern 101 Shows
58
4.00
Entertainment
May 2, 2010
Howard Stern 101 Shows Cast
32
4.00
Entertainment
May 2, 2010
Go to Creator's Profile
Score Distribution
Quiz Creator Spotlight
DjMikeWatt
Follow
Send a Message
Quizzes Created
-
Created Quiz Play Count
-
More By This Creator
Popular Quizzes Today
1
Find the US States - No Outlines Minefield
2
Find the Countries of Europe - No Outlines Minefield
3
The Countries of the World
4
Find the US States
5
Risky Map Clicking: Biggest States A-Z
6
US States
7
Popular People in 1961
8
Movies - When Are They Set?
More Entertainment Quizzes
FAMOUS Celebrities
Editor's Pick
Trending Quizzes
Risky Map Clicking: Least Populous States A-Z
1-10 Letter G Words
1-10 Letter F Words
Countries of the World: 200 Million BC
Risky Map Clicking: Next State Alphabetically
Recently Updated
Beyoncé Albums
pecheneg
Leaping Animals
pecheneg
Reality TV Shows (A-Z)
bhenderson79
Rickey Henderson's Hall of Fame Teammates
pecheneg
Champions League XIs: Arsenal
pecheneg
Quick Pick: Celebrities in WWE's Hall of Fame
aduchscher
A-Z Keypad Blitz II
pecheneg
Multiple Oscar Actors
pecheneg
Mystery Phrase Blitz: Oscar 'Best Actors'
pecheneg
F. Scott Fitzgerald Novels
LTH
Trending Topics
NBA
Crossword
Anime
Kpop
Marvel
Harry Potter
Disney
Song
Pokémon
NFL
WWE
The Office
Soccer
Puzzle
Country
Your Account Isn't Verified!
In order to create a playlist on Sporcle, you need to verify the email address you used during registration. Go to your
Sporcle Settings
to finish the process.
Report this User
Report this user for behavior that violates our
Community Guidelines
.
Details:
Send Report
Go to the Sporcle.com Mobile Site →
Comments